000
00254nam a22000977a 4500
005
20250901165407.0
008
210322b ||||| |||| 00| 0 eng d
050
_a
LB2165 .I55 1986
245
_a
TOMORROW'S TEACHES
_b
A REPORT OF THE HOLMES GROUP
942
_2
lcc
999
_c
3260
_d
3260